000 00388cam a22001217a 4500
008 180718b1975 xxu||||| |||| 00| 0 eng d
082 _aA81x54 In2/71/15/Pt2A
100 _aCensus of India 1971
245 _aNagaland: general population tables
260 _aDelhi
_bThe Controller of Publications
_c1975
300 _a164+p.
440 _aCensus of India 1971. Series-15, Nagaland. Part-II A
999 _c485950
_d485950